[Event "Goch op 15th"]
[Site "Goch"]
[Date "2004.10.03"]
[Round "7"]
[White "Thevessen, Hubert"]
[Black "Hoedemaekers, Hans"]
[Result "1-0"]
[WhiteElo "1666"]
[BlackElo "1826"]
[PlyCount "45"]
[EventDate "2004.09.30"]
[EventType "swiss"]
[EventRounds "7"]
[EventCountry "GER"]
[SourceTitle "EXT 2006"]
[Source "ChessBase"]
[SourceDate "2005.11.24"]
[SourceVersion "1"]
[SourceVersionDate "2005.11.24"]
[SourceQuality "1"]

1. c4 e5 2. Nc3 Bb4 3. g3 Nf6 4. Bg2 Nc6 5. e3 a5 6. Nge2 d6 7. 0-0 Be6 8. d3 Qd7 9. Nd5 Bxd5 10. cxd5 Ne7 11. e4 Bc5 12. h3 Nh5 13. Kh2 0-0 14. f4 exf4 15. Nxf4 Nxf4 16. Bxf4 Ng6 17. Bd2 Ne5 18. Bc3 Qb5 19. d4 Nc4 20. dxc5 Ne3 21. Qd4 Nxf1+ 22. Bxf1 Qxc5 23. Qxg7# 1-0

[Event "Goch op 15th"]
[Site "Goch"]
[Date "2004.10.02"]
[Round "5"]
[White "Jess, Stefan"]
[Black "Hoedemaekers, Hans"]
[Result "1-0"]
[WhiteElo "1969"]
[BlackElo "1826"]
[PlyCount "95"]
[EventDate "2004.09.30"]
[EventType "swiss"]
[EventRounds "7"]
[EventCountry "GER"]
[SourceTitle "EXT 2006"]
[Source "ChessBase"]
[SourceDate "2005.11.24"]
[SourceVersion "1"]
[SourceVersionDate "2005.11.24"]
[SourceQuality "1"]

1. e4 d5 2. exd5 Nf6 3. d4 Nxd5 4. c4 Nb6 5. h3 Nc6 6. Nf3 Bf5 7. a3 e6 8. Be3 Be7 9. Be2 Bf6 10. Nc3 0-0 11. 0-0 Na5 12. b3 c5 13. Rc1 cxd4 14. Bxd4 Nc6 15. Bxf6 Qxf6 16. b4 Rfd8 17. Qb3 Nd4 18. Nxd4 Rxd4 19. Nb5 Rd2 20. Bf3 Rd3 21. Rc3 Rad8 22. Rfc1 Qg5 23. Bxb7 Qxc1+ 24. Rxc1 Rxb3 25. c5 Nd5 26. c6 Rb1 27. Rxb1 Bxb1 28. Nxa7 Nc7 29. b5 Rd1+ 30. Kh2 Rc1 31. b6 Nd5 32. Nc8 Kf8 33. a4 Nxb6 34. Nxb6 Ke8 35. a5 Bd3 36. a6 Bxa6 37. Bxa6 Kd8 38. Bb7 Kc7 39. Nd7 Rc3 40. f4 f6 41. Nf8 Kd6 42. Nxh7 Ke7 43. g4 e5 44. fxe5 fxe5 45. Ng5 g6 46. Kg2 Kd8 47. Nf7+ Kc7 48. Nxe5 1-0

[Event "Goch op 14th"]
[Site "Goch"]
[Date "2003.??.??"]
[Round "7"]
[White "Ahlberg, Mario"]
[Black "Hoedemaekers, Hans"]
[Result "1/2-1/2"]
[WhiteElo "2055"]
[BlackElo "1745"]
[PlyCount "103"]
[EventDate "2003.10.02"]
[EventType "swiss"]
[EventRounds "7"]
[EventCountry "GER"]
[SourceTitle "EXT 2006"]
[Source "ChessBase"]
[SourceDate "2005.11.24"]
[SourceVersion "1"]
[SourceVersionDate "2005.11.24"]
[SourceQuality "1"]

1. e4 d5 2. exd5 Nf6 3. c4 e6 4. Nc3 exd5 5. d4 Nc6 6. cxd5 Nxd5 7. Bb5 Nxc3 8. Bxc6+ bxc6 9. bxc3 Rb8 10. Qd3 Bd6 11. Nf3 0-0 12. 0-0 Qf6 13. Re1 Bf5 14. Qc4 Be6 15. Qxc6 Bc8 16. Qd5 h6 17. Qh5 a6 18. a4 Rb3 19. c4 c5 20. Be3 cxd4 21. Bxd4 Qf4 22. Be5 Bxe5 23. Nxe5 Be6 24. Qe2 Re8 25. c5 f6 26. Nf3 Bd7 27. Qxa6 Rxe1+ 28. Rxe1 Bxa4 29. Qe6+ Kh8 30. c6 Rc3 31. Qe8+ Kh7 32. h3 Bxc6 33. Qh5 Bxf3 34. gxf3 Qxf3 35. Qxf3 Rxf3 36. Kg2 Ra3 37. f3 g5 38. Rb1 Ra4 39. Rb6 Kg6 40. Rb2 f5 41. Rb6+ Kh5 42. Rb2 Kh4 43. Rc2 f4 44. Rb2 h5 45. Rc2 g4 46. hxg4 hxg4 47. fxg4 Kxg4 48. Kf2 Ra3 49. Rb2 Rf3+ 50. Kg2 Rg3+ 51. Kh2 Re3 52. Kg2 1/2-1/2

[Event "Goch op 14th"]
[Site "Goch"]
[Date "2003.??.??"]
[Round "6"]
[White "Hoedemaekers, Hans"]
[Black "Hoelting, Siegfried"]
[Result "1/2-1/2"]
[WhiteElo "1745"]
[BlackElo "1975"]
[PlyCount "128"]
[EventDate "2003.10.02"]
[EventType "swiss"]
[EventRounds "7"]
[EventCountry "GER"]
[SourceTitle "EXT 2006"]
[Source "ChessBase"]
[SourceDate "2005.11.24"]
[SourceVersion "1"]
[SourceVersionDate "2005.11.24"]
[SourceQuality "1"]

1. e4 c5 2. d4 cxd4 3. c3 dxc3 4. Nxc3 Nc6 5. Nf3 d6 6. Bc4 e6 7. 0-0 Be7 8. Qe2 a6 9. Rd1 Qc7 10. Bf4 Ne5 11. Bb3 Bd7 12. Rac1 Bc6 13. Bxe5 dxe5 14. Nd5 exd5 15. exd5 Bf6 16. dxc6 bxc6 17. Nd4 Ne7 18. Ba4 0-0 19. Nxc6 Nxc6 20. Rxc6 Qa5 21. Bc2 Rfd8 22. Rxd8+ Bxd8 23. h3 g6 24. Qe4 Rb8 25. Bb3 Kg7 26. Qf3 f6 27. Qe2 Qb5 28. Qc2 Rb6 29. Rc5 Qb4 30. Rd5 Rd6 31. a3 Qe1+ 32. Kh2 Rxd5 33. Bxd5 Qa5 34. Qc6 Kh6 35. Bf3 Qc7 36. Qxa6 e4+ 37. g3 exf3 38. Qd3 Be7 39. Qxf3 Kg7 40. Qe4 Bc5 41. Kg2 Qb6 42. Qc2 h5 43. b4 Bd4 44. b5 Bc5 45. a4 Bd4 46. h4 Qc5 47. Qe2 Qd5+ 48. Kh2 Bb6 49. Qe7+ Qf7 50. Qe1 Qa7 51. Kg2 Kf7 52. Qa1 Qa5 53. Qa2+ Kg7 54. Qd5 Qa7 55. Qc6 Ba5 56. Qe4 Qc7 57. Qa8 Bb6 58. Qd5 Kf8 59. Qe6 Qd8 60. Qe4 Qd4 61. Qc2 Qd5+ 62. Kh2 Kf7 63. Qb2 Qc4 64. a5 Bxa5 1/2-1/2

[Event "Venlo VSV 75 B2"]
[Site "Venlo"]
[Date "2000.08.27"]
[Round "3"]
[White "Hoedemaekers, Hans"]
[Black "Van der Lee, Marc"]
[Result "0-1"]
[WhiteElo "1817"]
[BlackElo "1835"]
[PlyCount "48"]
[EventDate "2000.08.25"]
[EventType "tourn"]
[EventRounds "3"]
[EventCountry "NED"]
[SourceTitle "EXT 2013"]
[Source "ChessBase"]
[SourceDate "2012.11.22"]
[SourceVersion "1"]
[SourceVersionDate "2012.11.22"]
[SourceQuality "1"]

1. e4 c5 2. Nf3 d6 3. d4 cxd4 4. Nxd4 Nf6 5. Nc3 a6 6. Be2 e6 7. Be3 Be7 8. 0-0 b5 9. a3 Bb7 10. Bd3 Nbd7 11. f4 Qc7 12. Nf3 0-0 13. Kh1 Rac8 14. Qe1 Rfd8 15. e5 dxe5 16. fxe5 Nxe5 17. Bf4 Nxf3 18. Bxc7 Nxe1 19. Bxd8 Bxg2+ 20. Kg1 Bc5+ 21. Rf2 Bxf2+ 22. Kxf2 Nxd3+ 23. cxd3 Rxd8 24. Kxg2 Rxd3 0-1

[Event "Venlo VSV 75 B2"]
[Site "Venlo"]
[Date "2000.08.25"]
[Round "1"]
[White "Hendrickx, Ruud"]
[Black "Hoedemaekers, Hans"]
[Result "1/2-1/2"]
[WhiteElo "1820"]
[BlackElo "1817"]
[PlyCount "108"]
[EventDate "2000.08.25"]
[EventType "tourn"]
[EventRounds "3"]
[EventCountry "NED"]
[SourceTitle "EXT 2013"]
[Source "ChessBase"]
[SourceDate "2012.11.22"]
[SourceVersion "1"]
[SourceVersionDate "2012.11.22"]
[SourceQuality "1"]

1. d4 c5 2. d5 f5 3. c4 d6 4. Nc3 Nf6 5. g3 g6 6. Bg2 Bg7 7. e4 fxe4 8. Nxe4 0-0 9. Ne2 Nbd7 10. Nf4 Nxe4 11. Bxe4 Ne5 12. Qc2 Qa5+ 13. Bd2 Qa6 14. Rc1 b5 15. b4 Qa3 16. Qb3 Nxc4 17. Qxa3 Nxa3 18. bxc5 Bb2 19. cxd6 exd6 20. Rc7 Re8 21. f3 Nc4 22. Ne6 Bxe6 23. dxe6 Rac8 24. Rxa7 Rxe6 25. Kd1 Nxd2 26. Kxd2 Re5 27. Rd7 Ba3 28. Rb1 Rc4 29. Bd3 Bb4+ 30. Rxb4 Rxb4 31. Kc3 Ra4 32. Kb3 Ra6 33. Be4 Re8 34. h4 b4 35. Kxb4 Rb8+ 36. Kc3 Ra3+ 37. Kd4 Ra4+ 38. Kd5 Rxa2 39. Ke6 Rd2 40. Bb7 Re2+ 41. Kf6 Ree8 42. Bd5+ Kh8 43. Rxd6 Rb5 44. f4 Rf8+ 45. Ke5 Rb1 46. Be4 Rg1 47. h5 Re1 48. Kd4 Re8 49. Bd3 Rd1 50. hxg6 hxg6 51. Rd7 Re2 52. g4 Rh2 53. Ke5 Rhd2 54. Ke4 Re1+ 1/2-1/2

[Event "Goch op 08th"]
[Site "Goch"]
[Date "1997.10.16"]
[Round "1"]
[White "Kaid, Almar"]
[Black "Hoedemaekers, Hans"]
[Result "1-0"]
[WhiteElo "2230"]
[BlackElo "1769"]
[PlyCount "83"]
[EventDate "1997.10.16"]
[EventType "swiss"]
[EventRounds "7"]
[EventCountry "GER"]
[SourceTitle "EXT 2001"]
[Source "ChessBase"]
[SourceDate "2000.11.22"]
[SourceVersion "1"]
[SourceVersionDate "2000.11.22"]
[SourceQuality "1"]

1. Nf3 d5 2. g3 c6 3. Bg2 Bg4 4. 0-0 Nd7 5. d4 Ngf6 6. Nbd2 e6 7. Re1 Bd6 8. e4 dxe4 9. Nxe4 Nxe4 10. Rxe4 Nf6 11. Re1 0-0 12. c3 Qc7 13. Qb3 Rfe8 14. Ne5 Bxe5 15. Rxe5 h6 16. Bf4 Qb6 17. Qc2 Nd5 18. Bd2 Bf5 19. Qb3 Rad8 20. Qxb6 Nxb6 21. b3 Nd7 22. Ree1 e5 23. Be3 a6 24. Rad1 exd4 25. Bxd4 Ne5 26. Bb6 Nd3 27. Rxe8+ Rxe8 28. Be3 Re5 29. g4 Bg6 30. Bf1 Nc5 31. c4 Ne4 32. Rd8+ Kh7 33. f4 Re7 34. f5 Bxf5 35. gxf5 Nc3 36. Bc5 Re1 37. Kf2 Ra1 38. Bd3 Rxa2+ 39. Kg3 f6 40. Rd7 Rd2 41. Bb4 Ne4+ 42. Kf4 1-0